| 000 | 00372nam a2200109Ia 4500 | ||
|---|---|---|---|
| 008 | 171204s9999 xx 000 0 und d | ||
| 245 | _aOptimal Transportation: Theory and Applications | ||
| 245 | _cCédric Villani, Hervé Pajot, and Yann Ollivier | ||
| 260 | _c2014 | ||
| 650 | _xTransportation Operation Management | ||
| 856 | _uhttp://down.ebook777.com/036/110768949X.pdf | ||
| 999 |
_c346726 _d346726 |
||